000 00690cam a2200193 a 4500
001 000019380
005 20200929170012.0
020 _a9685087350
040 _aDO-SdBNP
_bspa
_cBNPHU
082 _a796.077
_bG643e
100 1 _aGonzález Carballido, Luis Gustavo
_941635
245 1 0 _aEstrés y deportes de alto rendimiento /
_cLuis Gustavo González Carballido; presentación Pedro Pérez Dueñas.
260 _aMéxico :
_bInstituto Tecnológico y de Estudios Superiores de Occidente (ITESO),
_c2001.
300 _a159 p. :
_bTablas ;
_c23 cm.
504 _aIncluye referencias bibliográficas 147- 159
650 4 _aEstrés
_941636
650 4 _aEstres en el trabajo
_9466
049 _aBNGR
999 _c18897
_d18897